Электропривод. Теоретические основы

Bibliographic Details
Main Author: Голован А. Т.
Language:Russian
Published: Москва, Госэнергоиздат, 1948
Subjects:
Format: Book
KOHA link:https://koha.lib.tpu.ru/cgi-bin/koha/opac-detail.pl?biblionumber=92448

MARC

LEADER 00000nam0a2200000 4500
001 92448
005 20231031104650.0
035 |a (RuTPU)RU\TPU\book\99051 
090 |a 92448 
100 |a 20060314d1948 km y0rusy50 ca 
101 0 |a rus 
102 |a RU 
105 |a a z 001zy 
200 1 |a Электропривод. Теоретические основы  |f А. Т. Голован 
210 |a Москва  |c Госэнергоиздат  |d 1948  |a Ленинград 
215 |a 419 с.  |c ил. 
320 |a Библиогр.: с. 416-419. 
610 1 |a техника 
610 1 |a приводы 
610 1 |a электроприводы 
610 1 |a теория 
610 1 |a расчеты 
610 1 |a методика 
675 |a 62-83  |v 3 
700 1 |a Голован  |b А. Т. 
801 1 |a RU  |b 63413507  |c 20060314  |g PSBO 
801 2 |a RU  |b 63413507  |c 20130227  |g PSBO 
942 |c BK